Pío Baroja / (Record n. 22077)

Dettagli MARC
000 -LEADER
fixed length control field 00972nam a2200277 i 4500
003 - CONTROL NUMBER IDENTIFIER
control field IT-RoINE
005 - DATE AND TIME OF LATEST TRANSACTION
control field 20180122121337.0
008 - FIXED-LENGTH DATA ELEMENTS--GENERAL INFORMATION
fixed length control field 020419s2012 sp |r |01||dspa|d
020 ## - INTERNATIONAL STANDARD BOOK NUMBER
International Standard Book Number 9788430609086
040 ## - CATALOGING SOURCE
Original cataloging agency SpMaBN
Transcribing agency SpMaBN IT-RoINE
Modifying agency IT-RoINE
100 1# - MAIN ENTRY--PERSONAL NAME
Personal name Mainer, José-Carlos,
Dates associated with a name 1944-
9 (RLIN) 17457
245 10 - TITLE STATEMENT
Title Pío Baroja /
Statement of responsibility, etc José-Carlos Mainer.
260 ## - PUBLICATION, DISTRIBUTION, ETC. (IMPRINT)
Place of publication, distribution, etc [Madrid] :
Name of publisher, distributor, etc Taurus ;
-- Fundación Juan March,
Date of publication, distribution, etc D.L. 2012.
300 ## - PHYSICAL DESCRIPTION
Extent 455 p., [14] p. de lám. :
Other physical details il. col. y n. ;
Dimensions 24 cm.
336 ## - CONTENT TYPE
Source rdacontent
Content type term text
337 ## - MEDIA TYPE
Source rdamedia
Media type term unmediated
338 ## - CARRIER TYPE
Source rdacarrier
Carrier type term volume
490 1# - SERIES STATEMENT
Series statement Españoles eminentes
500 ## - GENERAL NOTE
General note Incluye índice.
500 ## - GENERAL NOTE
General note Incluye selección de textos.
600 14 - SUBJECT ADDED ENTRY--PERSONAL NAME
9 (RLIN) 37502
Personal name Baroja, Pío,
Dates associated with a name 1872-1956
General subdivision Biografía
600 14 - SUBJECT ADDED ENTRY--PERSONAL NAME
9 (RLIN) 40336
Personal name Baroja, Pío
Dates associated with a name 1872-1956
General subdivision Crítica e interpretación
710 2# - ADDED ENTRY--CORPORATE NAME
Corporate name or jurisdiction name as entry element Fundación Juan March (Madrid, España)
9 (RLIN) 43561
830 #0 - SERIES ADDED ENTRY--UNIFORM TITLE
9 (RLIN) 6984
Uniform title Españoles eminentes
942 ## - ADDED ENTRY ELEMENTS (KOHA)
Item type Monografías
Dati di copia
Withdrawn status Lost status Damaged status Not for loan Home library Current library Date acquired Total Checkouts Full call number Barcode Date last seen Price effective from Koha item type
        Iglesia Nacional Española en Roma Iglesia Nacional Española en Roma 22/01/2018   BIO 2430 46914 22/01/2018 22/01/2018 Monografías